000 00814nam a2200253 4500
003 OSt
005 20260601193402.0
008 260505b2003 nyua|||| |||| 00| 0 eng d
020 _a0060531215
040 _aICI
_bspa
_cICI
041 _aeng
050 1 _aNC997
_bC73 2003
245 0 _aCreativity 32 /
_cDavid E. Carter, editor
264 _aNew York, New York :
_bHarper Design International,
_c2003
300 _a400 páginas :
_bilustraciones
336 _atexto
_2rdacontent
337 _asin medio
_2rdamedia
338 _avolumen
_2rdacarrier
500 _a"Bright ideas in advertising & design from the USA and around the world"
650 _aArte comercial
_zEstados Unidos
_935128
650 _aArte comercial
_vExposiciones
_935129
700 1 _aCarter, David E.,
_eeditor
_935130
942 _2lcc
_cB
_n1
999 _c21024
_d21024